[Event "Muensterland op 38th"]
[Site "Muenster"]
[Date "2021.10.09"]
[Round "2"]
[White "Schmider, Niklas"]
[Black "Herzwurm, Robert"]
[Result "1-0"]
[WhiteElo "2341"]
[BlackElo "2006"]
[PlyCount "63"]
[EventDate "2021.10.08"]
[EventType "swiss"]
[EventRounds "9"]
[EventCountry "GER"]
[SourceTitle "EXT 2023"]
[Source "ChessBase"]
[SourceDate "2022.10.05"]
[SourceVersion "1"]
[SourceVersionDate "2022.10.05"]
[SourceQuality "1"]

1. e4 e6 2. d4 d5 3. Nc3 Bb4 4. e5 c5 5. a3 Bxc3+ 6. bxc3 Ne7 7. Qg4 Qc7 8. Bd3 Nbc6 9. Nf3 c4 10. Be2 0-0 11. 0-0 f6 12. exf6 Rxf6 13. Qg3 Qxg3 14. fxg3 Bd7 15. Bf4 b6 16. h4 Be8 17. Bg5 Rf8 18. g4 Bg6 19. Rac1 h6 20. Be3 Rab8 21. h5 Be4 22. g5 Nf5 23. Bf4 Bxf3 24. Bxf3 Rbd8 25. Bg4 hxg5 26. Bxg5 Rde8 27. Rce1 Nfxd4 28. Rxf8+ Kxf8 29. cxd4 Nxd4 30. c3 Nc2 31. Re2 Nxa3 32. Bxe6 1-0

[Event "Gibraltar Masters 18th"]
[Site "Caleta"]
[Date "2020.01.27"]
[Round "7"]
[White "Herzwurm, Robert"]
[Black "Gagare, Shalmali"]
[Result "1/2-1/2"]
[WhiteElo "1979"]
[BlackElo "2099"]
[PlyCount "63"]
[EventDate "2020.01.21"]
[EventType "swiss"]
[EventRounds "10"]
[EventCountry "GGB"]
[SourceTitle "CBM 194 Extra"]
[Source "ChessBase"]
[SourceDate "2020.03.31"]
[SourceVersion "1"]
[SourceVersionDate "2020.03.31"]
[SourceQuality "1"]

1. e4 e5 2. Nf3 Nc6 3. Bc4 Bc5 4. b4 Bxb4 5. c3 Ba5 6. d4 d6 7. Qb3 Qd7 8. dxe5 Bb6 9. Nbd2 Na5 10. Qc2 Nxc4 11. Nxc4 dxe5 12. Nxb6 axb6 13. Nxe5 Qa4 14. Qd3 Be6 15. 0-0 Ne7 16. Rd1 f6 17. Nf3 0-0 18. Bf4 Rac8 19. Nd4 Bf7 20. Qb5 Qc4 21. Qxc4 Bxc4 22. Nc2 Ng6 23. Bg3 Ne5 24. Ne3 Be6 25. Rd4 Kf7 26. Rc1 Nc6 27. Rd2 Ke7 28. Nd5+ Bxd5 29. exd5 Ne5 30. Re2 Kd6 31. Rce1 Rfe8 32. Bxe5+ 1/2-1/2

[Event "Gibraltar Challengers op-A"]
[Site "Caleta"]
[Date "2020.01.22"]
[Round "3"]
[White "Longa Yauca, Javier"]
[Black "Herzwurm, Robert"]
[Result "1-0"]
[WhiteElo "2154"]
[BlackElo "1979"]
[PlyCount "103"]
[EventDate "2020.01.20"]
[EventType "swiss"]
[EventRounds "5"]
[EventCountry "GGB"]
[SourceTitle "CBM 194 Extra"]
[Source "ChessBase"]
[SourceDate "2020.03.31"]
[SourceVersion "1"]
[SourceVersionDate "2020.03.31"]
[SourceQuality "1"]

1. d4 Nf6 2. c4 g6 3. Nc3 Bg7 4. e4 d6 5. Nf3 0-0 6. Be2 e5 7. d5 a5 8. 0-0 Na6 9. Be3 Ng4 10. Bg5 f6 11. Bd2 f5 12. Ng5 Nf6 13. exf5 gxf5 14. f4 Nc5 15. Be3 Nfe4 16. Ncxe4 Nxe4 17. Nf3 Qe7 18. Qc2 b6 19. Rae1 Bd7 20. b3 Rae8 21. g3 Nf6 22. Nh4 e4 23. Bd4 Qf7 24. Qc3 h5 25. Ng2 Kh7 26. h3 Rg8 27. Kh2 Ref8 28. Ne3 Qg6 29. Rg1 Bh6 30. Bxf6 Rxf6 31. Bxh5 Qg7 32. h4 Qe7 33. Ref1 Bg7 34. Qe1 Rh6 35. Bd1 Bf6 36. h5 Qg7 37. Rg2 Bd4 38. Rh1 Be8 39. Kg1 Bc5 40. Kf1 Qd4 41. Nxf5 Qd3+ 42. Be2 Qc2 43. Nxh6 Kxh6 44. g4 Rf8 45. f5 Kh7 46. Rh3 Qb2 47. Bf3 Qe5 48. Bxe4 Bb4 49. Qb1 Bc5 50. Rf3 Bd7 51. f6+ Kh8 52. g5 1-0

[Event "Mittelrhein Regionalliga 1920"]
[Site "Mittelrhein"]
[Date "2019.12.08"]
[Round "4.6"]
[White "Yanes, Adrian"]
[Black "Herzwurm, Robert"]
[Result "0-1"]
[WhiteElo "1697"]
[BlackElo "1955"]
[PlyCount "120"]
[EventDate "2019.09.29"]
[EventType "team-tourn"]
[EventRounds "9"]
[EventCountry "GER"]
[SourceTitle "EXT 2023"]
[Source "ChessBase"]
[SourceDate "2022.10.05"]
[SourceVersion "1"]
[SourceVersionDate "2022.10.05"]
[SourceQuality "1"]
[WhiteTeam "Aachen SV II"]
[BlackTeam "Euskirchen Turm"]
[WhiteTeamCountry "GER"]
[BlackTeamCountry "GER"]

1. e4 e6 2. d4 d5 3. Nc3 Bb4 4. Bd3 dxe4 5. Bxe4 Nf6 6. Bf3 c5 7. Nge2 Nbd7 8. a3 cxd4 9. axb4 dxc3 10. Nxc3 0-0 11. Be3 Qe7 12. Qd4 Re8 13. 0-0 e5 14. Qc4 e4 15. Be2 Ne5 16. Qc5 Qxc5 17. bxc5 Bd7 18. Rfd1 a6 19. Bg5 Bc6 20. Bxf6 gxf6 21. Rd6 Kg7 22. Rad1 Rac8 23. h3 f5 24. Nd5 Bxd5 25. R1xd5 f6 26. Kh2 Kg6 27. Kg3 Rc7 28. Kf4 Nf7 29. Rd7 Rxd7 30. Rxd7 Ng5 31. Rxb7 Ne6+ 32. Ke3 f4+ 33. Kd2 Nxc5 34. Rb6 Rd8+ 35. Kc1 e3 36. fxe3 fxe3 37. Bxa6 Nxa6 38. Re6 Kf5 39. Rxe3 Nc5 40. b4 Ne4 41. c4 Rd4 42. Rb3 Rxc4+ 43. Kb2 Ke5 44. b5 Nc5 45. Re3+ Kd6 46. Rf3 Rf4 47. Rg3 Rb4+ 48. Kc2 Rxb5 49. Rg7 Rb7 50. Rg4 Ke5 51. Rh4 Ne4 52. g4 Ng5 53. Rh6 Rf7 54. Kd3 Kf4 55. Kd4 Kg3 56. Kd5 Nxh3 57. Ke6 Ng5+ 58. Kf5 Ra7 59. Kxf6 Kxg4 60. Rh1 Rf7+ 0-1

[Event "Mittelrhein Regionalliga 1920"]
[Site "Mittelrhein"]
[Date "2019.09.29"]
[Round "1.6"]
[White "Mays, Stephan"]
[Black "Herzwurm, Robert"]
[Result "1/2-1/2"]
[WhiteElo "1960"]
[BlackElo "1955"]
[PlyCount "43"]
[EventDate "2019.09.29"]
[EventType "team-tourn"]
[EventRounds "9"]
[EventCountry "GER"]
[SourceTitle "EXT 2023"]
[Source "ChessBase"]
[SourceDate "2022.10.05"]
[SourceVersion "1"]
[SourceVersionDate "2022.10.05"]
[SourceQuality "1"]
[WhiteTeam "Koeln Ford SF"]
[BlackTeam "Euskirchen Turm"]
[WhiteTeamCountry "GER"]
[BlackTeamCountry "GER"]

1. d4 Nf6 2. Nf3 g6 3. Bf4 Bg7 4. e3 d5 5. h3 0-0 6. Nc3 c5 7. Nb5 Na6 8. c3 Qb6 9. a4 Bd7 10. Ne5 c4 11. b3 Qa5 12. Nxd7 Nxd7 13. bxc4 dxc4 14. Bxc4 e5 15. Bg3 Nb6 16. Be2 exd4 17. exd4 Nd5 18. 0-0 Nxc3 19. Nxc3 Qxc3 20. Bf3 Rad8 21. Rc1 Qxd4 22. Bxb7 1/2-1/2

[Event "Mittelrhein Regionalliga 18/19"]
[Site "Nordrheinwestfalen"]
[Date "2019.02.10"]
[Round "7.5"]
[White "Dzierzenga, Stefan"]
[Black "Herzwurm, Robert"]
[Result "1-0"]
[WhiteElo "2147"]
[BlackElo "1938"]
[PlyCount "75"]
[EventDate "2018.10.28"]
[EventType "team-tourn"]
[EventRounds "11"]
[EventCountry "GER"]
[SourceTitle "EXT 2022"]
[Source "ChessBase"]
[SourceDate "2021.10.06"]
[SourceVersion "1"]
[SourceVersionDate "2021.10.06"]
[SourceQuality "1"]
[WhiteTeam "Bonn Beuel"]
[BlackTeam "Euskirchen Turm"]
[WhiteTeamCountry "GER"]
[BlackTeamCountry "GER"]

1. e4 e6 2. Nf3 d5 3. Nc3 Nf6 4. e5 Nfd7 5. d4 c5 6. dxc5 Nc6 7. Bf4 Nxc5 8. Qd2 Be7 9. 0-0-0 Bd7 10. h4 a6 11. Kb1 b5 12. Bd3 Rb8 13. Ne2 Na5 14. Bg5 Nc4 15. Qe1 Qc7 16. Ned4 a5 17. Bc1 Na4 18. Rh3 Bb4 19. c3 Be7 20. Bc2 b4 21. Bxa4 Bxa4 22. b3 Qb7 23. bxa4 bxc3+ 24. Nb3 Bb4 25. Qe2 Qc6 26. Nfd4 Qxa4 27. Ka1 Qd7 28. Nc2 Qb7 29. Nxb4 Qxb4 30. Qc2 a4 31. Nd4 Nd2 32. Bxd2 Qxd4 33. Qxc3 Qb6 34. Be3 Qb5 35. Qa3 Kd7 36. Qd6+ Ke8 37. Bd4 Rb7 38. Rc1 1-0

[Event "Gibraltar Challengers op-B"]
[Site "Caleta"]
[Date "2019.01.30"]
[Round "5"]
[White "Herzwurm, Robert"]
[Black "Nandi, Robin J"]
[Result "0-1"]
[WhiteElo "2021"]
[BlackElo "1903"]
[PlyCount "50"]
[EventDate "2019.01.26"]
[EventType "swiss"]
[EventRounds "5"]
[EventCountry "GGB"]
[SourceTitle "CBM 188 Extra"]
[Source "ChessBase"]
[SourceDate "2019.02.26"]
[SourceVersion "1"]
[SourceVersionDate "2019.02.26"]
[SourceQuality "1"]

1. e4 e5 2. Nf3 Nc6 3. Bc4 Bc5 4. b4 Bxb4 5. c3 Ba5 6. d4 exd4 7. 0-0 Nf6 8. e5 d5 9. exf6 dxc4 10. fxg7 Rg8 11. Ng5 Rxg7 12. Re1+ Be6 13. Nxe6 fxe6 14. Rxe6+ Kd7 15. Re4 Qf6 16. cxd4 Rf8 17. Qe2 Nxd4 18. Rxd4+ Qxd4 19. Bb2 c3 20. Nxc3 Bxc3 21. Rd1 Bxb2 22. Qb5+ Kc8 23. Rxd4 Bxd4 24. Qe2 Bxf2+ 25. Kh1 Bb6 0-1

[Event "Gibraltar Challengers op-B"]
[Site "Caleta"]
[Date "2019.01.29"]
[Round "4"]
[White "Gillis Onieva, Celia"]
[Black "Herzwurm, Robert"]
[Result "1/2-1/2"]
[WhiteElo "1930"]
[BlackElo "2021"]
[PlyCount "40"]
[EventDate "2019.01.26"]
[EventType "swiss"]
[EventRounds "5"]
[EventCountry "GGB"]
[SourceTitle "CBM 188 Extra"]
[Source "ChessBase"]
[SourceDate "2019.02.26"]
[SourceVersion "1"]
[SourceVersionDate "2019.02.26"]
[SourceQuality "1"]

1. d4 Nf6 2. Nf3 g6 3. c4 Bg7 4. Nc3 0-0 5. e4 d6 6. Be2 e5 7. dxe5 dxe5 8. Qxd8 Rxd8 9. Bg5 Re8 10. Nd5 Nxd5 11. cxd5 c6 12. Bc4 cxd5 13. Bxd5 Nc6 14. 0-0-0 Be6 15. Bxe6 Rxe6 16. Rd7 Rb8 17. Kb1 Kf8 18. Rhd1 Ke8 19. Rc7 Bf8 20. Rcd7 f6 1/2-1/2

[Event "Gibraltar Challengers op-B"]
[Site "Caleta"]
[Date "2019.01.26"]
[Round "1"]
[White "Herzwurm, Robert"]
[Black "Lucas Vega, Ivan"]
[Result "0-1"]
[WhiteElo "2021"]
[BlackElo "2203"]
[PlyCount "90"]
[EventDate "2019.01.26"]
[EventType "swiss"]
[EventRounds "5"]
[EventCountry "GGB"]
[SourceTitle "CBM 188 Extra"]
[Source "ChessBase"]
[SourceDate "2019.02.26"]
[SourceVersion "1"]
[SourceVersionDate "2019.02.26"]
[SourceQuality "1"]

1. e4 c5 2. Nc3 a6 3. f4 Nc6 4. g3 e6 5. Bg2 g6 6. Nf3 Bg7 7. Qe2 Nge7 8. d3 0-0 9. 0-0 Nd4 10. Nxd4 cxd4 11. Nd1 d6 12. g4 f6 13. h4 Bd7 14. Qf2 e5 15. f5 Bc6 16. Qg3 Kh8 17. Bd2 Rg8 18. fxg6 hxg6 19. Nf2 Rf8 20. Bh3 Bd7 21. g5 f5 22. h5 gxh5 23. Qh4 Qe8 24. Nh1 f4 25. Bxd7 Qxd7 26. Qxh5+ Kg8 27. Rf2 Qe6 28. Raf1 Qg6 29. Qg4 Nc6 30. Rh2 Rf7 31. Rf3 Nd8 32. Rfh3 Ne6 33. Rh5 Re8 34. Kf1 Kf8 35. Bb4 Nc5 36. Nf2 Rd8 37. Rh6 Bxh6 38. Rxh6 Qg7 39. Qh4 Ke8 40. g6 Rf6 41. Rh8+ Rf8 42. Rh7 Qf6 43. Qh5 Rg8 44. Bxc5 dxc5 45. Rf7 Qxg6 0-1

[Event "Mittelrhein Regionalliga 18/19"]
[Site "Nordrheinwestfalen"]
[Date "2018.10.28"]
[Round "3.5"]
[White "Herzwurm, Robert"]
[Black "Andok, Claus Michael"]
[Result "1/2-1/2"]
[WhiteElo "1951"]
[BlackElo "2067"]
[PlyCount "45"]
[EventDate "2018.10.28"]
[EventType "team-tourn"]
[EventRounds "11"]
[EventCountry "GER"]
[SourceTitle "EXT 2022"]
[Source "ChessBase"]
[SourceDate "2021.10.06"]
[SourceVersion "1"]
[SourceVersionDate "2021.10.06"]
[SourceQuality "1"]
[WhiteTeam "Euskirchen Turm"]
[BlackTeam "Aachen DJK Aufwärts III"]
[WhiteTeamCountry "GER"]
[BlackTeamCountry "GER"]

1. e4 d6 2. d4 Nf6 3. Nc3 e5 4. Nf3 exd4 5. Nxd4 Be7 6. Bf4 0-0 7. Qd2 a6 8. a4 d5 9. exd5 Nxd5 10. Nxd5 Qxd5 11. Nf3 Qe4+ 12. Be2 Rd8 13. Qe3 Qxe3 14. Bxe3 Nc6 15. c3 Bf5 16. 0-0 Bf6 17. Bf4 Re8 18. Rfe1 Ne5 19. Nxe5 Bxe5 20. Bxe5 Rxe5 21. Bf3 Rxe1+ 22. Rxe1 c6 23. a5 1/2-1/2

[Event "Mittelrhein Verbandsliga-S 17/18"]
[Site "Nordrheinwestfalen"]
[Date "2018.03.18"]
[Round "9.2"]
[White "Schniggenberg, Gerd"]
[Black "Herzwurm, Robert"]
[Result "1-0"]
[WhiteElo "1911"]
[BlackElo "1984"]
[PlyCount "115"]
[EventDate "2017.09.10"]
[EventType "team-tourn"]
[EventRounds "11"]
[EventCountry "GER"]
[SourceTitle "EXT 2022"]
[Source "ChessBase"]
[SourceDate "2021.10.06"]
[SourceVersion "1"]
[SourceVersionDate "2021.10.06"]
[SourceQuality "1"]
[WhiteTeam "Godesberg III"]
[BlackTeam "Euskirchen Turm"]
[WhiteTeamCountry "GER"]
[BlackTeamCountry "GER"]

1. e4 e6 2. d4 d5 3. Nd2 Nf6 4. e5 Nfd7 5. Ndf3 c5 6. c3 Nc6 7. Bd3 cxd4 8. cxd4 f6 9. exf6 Nxf6 10. Ne2 Bd6 11. 0-0 0-0 12. Bg5 Qc7 13. Nc3 a6 14. Bh4 Bd7 15. Qe2 Rae8 16. Bg3 e5 17. dxe5 Nxe5 18. Nxe5 Bxe5 19. Qd2 Bxg3 20. hxg3 Qe5 21. Qf4 Ng4 22. Qxe5 Nxe5 23. Rfd1 d4 24. Nd5 Bc6 25. Be4 Nc4 26. f3 Nxb2 27. Rxd4 Na4 28. Rc1 Kh8 29. Nc7 Rc8 30. Bxc6 Rxc7 31. Rxa4 Rfc8 32. Rac4 Rxc6 33. Rxc6 Rxc6 34. Rxc6 bxc6 35. Kf2 Kg8 36. Ke3 Kf7 37. Kd4 Ke6 38. Kc5 Kd7 39. g4 Kc7 40. a4 a5 41. f4 h6 42. g3 Kd7 43. Kb6 Kd6 44. Kxa5 Kc5 45. f5 Kd4 46. Kb6 c5 47. a5 c4 48. a6 c3 49. a7 c2 50. a8Q c1Q 51. Qa4+ Kd5 52. Qd7+ Ke4 53. Qxg7 Qe3+ 54. Kc6 Qc1+ 55. Kd6 Qa3+ 56. Ke6 Qxg3 57. Qb7+ Kd4 58. Qb4+ 1-0

[Event "Gibraltar Challengers-B"]
[Site "Caleta"]
[Date "2018.01.28"]
[Round "2"]
[White "Valentine, Brian J"]
[Black "Herzwurm, Robert"]
[Result "1/2-1/2"]
[WhiteElo "1920"]
[BlackElo "2123"]
[PlyCount "114"]
[EventDate "2018.01.27"]
[EventType "swiss"]
[EventRounds "5"]
[EventCountry "GGB"]
[SourceTitle "EXT 2019"]
[Source "ChessBase"]
[SourceDate "2018.10.10"]
[SourceVersion "1"]
[SourceVersionDate "2018.10.10"]
[SourceQuality "1"]

1. e4 e6 2. d4 d5 3. Nc3 Bb4 4. e5 c5 5. a3 Bxc3+ 6. bxc3 Ne7 7. Qg4 Qc7 8. Qxg7 Rg8 9. Qxh7 cxd4 10. Ne2 Nbc6 11. f4 Bd7 12. Qd3 dxc3 13. Qxc3 Nf5 14. h4 0-0-0 15. Rh3 d4 16. Qc5 Qa5+ 17. Qxa5 Nxa5 18. c3 d3 19. Rxd3 Nb3 20. Rb1 Nc5 21. Rh3 Bc6 22. Nd4 Nxd4 23. cxd4 Rxd4 24. Rb4 Rdd8 25. Rc3 Rd5 26. Be3 b6 27. Bxc5 bxc5 28. Rbc4 Kb7 29. g3 Bb5 30. Re4 Bxf1 31. Kxf1 Rd4 32. Rxd4 cxd4 33. Rd3 Kc6 34. Kf2 Kd5 35. Kf3 Kc4 36. Ke4 Kc5 37. h5 Rg7 38. a4 a5 39. h6 Rh7 40. Rxd4 Rxh6 41. Rd7 Rh7 42. Rb7 f5+ 43. exf6 Rxb7 44. Ke5 Kb4 45. Kxe6 Kxa4 46. g4 Kb5 47. g5 a4 48. g6 a3 49. g7 Rb6+ 50. Kf5 a2 51. g8Q a1Q 52. Qd5+ Kb4 53. Qd2+ Kc4 54. Qc2+ Kd5 55. Qe4+ Kd6 56. Qe6+ Kc7 57. Qe7+ Kc6 1/2-1/2

[Event "Mittelrhein Verbandsliga-S 17/18"]
[Site "Nordrheinwestfalen"]
[Date "2017.11.12"]
[Round "4.2"]
[White "Herzwurm, Robert"]
[Black "Koopmeiners, Karl"]
[Result "1-0"]
[WhiteElo "2021"]
[BlackElo "2004"]
[PlyCount "135"]
[EventDate "2017.09.10"]
[EventType "team-tourn"]
[EventRounds "11"]
[EventCountry "GER"]
[SourceTitle "EXT 2022"]
[Source "ChessBase"]
[SourceDate "2021.10.06"]
[SourceVersion "1"]
[SourceVersionDate "2021.10.06"]
[SourceQuality "1"]
[WhiteTeam "Euskirchen Turm"]
[BlackTeam "Troisdorf"]
[WhiteTeamCountry "GER"]
[BlackTeamCountry "GER"]

1. e4 c5 2. Nc3 e6 3. f4 a6 4. g3 Nc6 5. Bg2 Nge7 6. Nf3 d5 7. d3 g6 8. 0-0 Bg7 9. Qe1 0-0 10. Kh1 Rb8 11. Qf2 b6 12. g4 f5 13. gxf5 gxf5 14. e5 Ng6 15. h4 h6 16. Rg1 Bb7 17. Kh2 d4 18. Ne2 Kh7 19. Bd2 Rg8 20. Bh1 Nb4 21. h5 Nf8 22. Bxb4 cxb4 23. Nexd4 Qe8 24. Qh4 Nd7 25. Rg6 Nf8 26. Rg3 Bxf3 27. Nxf3 Rc8 28. Rg2 Qa4 29. b3 Qc6 30. Rag1 Qe8 31. Nd4 Qd7 32. Qf2 Rd8 33. Nf3 Qe8 34. Qh4 a5 35. Ne1 Rd4 36. Nf3 Rd8 37. Rg3 Rc8 38. Ne1 Qd8 39. Qh3 Rc7 40. Bf3 Qd4 41. Qh4 Qf2+ 42. R1g2 Qd4 43. Bd1 Rc8 44. Nf3 Qd7 45. Kh1 Qe8 46. Nd4 Qd7 47. Nb5 Qd8 48. Qh3 Qe7 49. Nd6 Rc6 50. Bf3 Rc7 51. Rg6 Kh8 52. R6g3 Nd7 53. d4 Nf8 54. d5 exd5 55. Bxd5 Ne6 56. Bxe6 Qxe6 57. Rg6 Qd5 58. Qxf5 Rf8 59. Qg4 Rxf4 60. Qxf4 Qd1+ 61. Rg1 Qxh5+ 62. Qh2 Qf3+ 63. R6g2 Rxc2 64. Nf7+ Kg8 65. Nxh6+ Kf8 66. Ng4 Rc3 67. Qh4 Qe4 68. Qd8+ 1-0

[Event "Mittelrhein Verbandsliga-O 16/17"]
[Site "Nordrheinwestfalen"]
[Date "2017.02.19"]
[Round "8.3"]
[White "Hoeren, Andreas"]
[Black "Herzwurm, Robert"]
[Result "1/2-1/2"]
[WhiteElo "2102"]
[BlackElo "2052"]
[PlyCount "76"]
[EventDate "2016.09.11"]
[EventType "team-tourn"]
[EventRounds "11"]
[EventCountry "GER"]
[SourceTitle "EXT 2022"]
[Source "ChessBase"]
[SourceDate "2021.10.06"]
[SourceVersion "1"]
[SourceVersionDate "2021.10.06"]
[SourceQuality "1"]
[WhiteTeam "Koeln Lasker II"]
[BlackTeam "Euskirchen Turm"]
[WhiteTeamCountry "GER"]
[BlackTeamCountry "GER"]

1. c4 e6 2. Nc3 f5 3. d4 Nf6 4. Qc2 d5 5. Bf4 Bd6 6. Bxd6 Qxd6 7. e3 0-0 8. Nf3 c6 9. Ne5 Nbd7 10. f4 Ne4 11. Bd3 b6 12. 0-0 Bb7 13. Rfd1 Qe7 14. Rac1 Rf6 15. cxd5 exd5 16. Nxe4 fxe4 17. Bf1 g5 18. fxg5 Rd6 19. Nxd7 Rxd7 20. h4 Rf8 21. Be2 h6 22. Rf1 hxg5 23. Rxf8+ Qxf8 24. Bg4 Rd6 25. Rf1 Rf6 26. Rxf6 Qxf6 27. h5 Ba6 28. Qf2 Qxf2+ 29. Kxf2 Kg7 30. Bd7 Bb7 31. b4 Kh6 32. g4 b5 33. Ke2 a6 34. Kd2 Kg7 35. Kc3 Kh6 36. Kb3 Kg7 37. a4 Kh6 38. axb5 axb5 1/2-1/2